Diccionario de las religiones (Registro nro. 6614)
[ vista simple ]
| 000 -CABECERA | |
|---|---|
| Longitud fija campo de control | 00942nam a2200289Ia 4500 |
| 005 - • FECHA Y HORA DE LA ÚLTIMA TRANSACCIÓN | |
| Fecha y hora de la última transacción | 20220317001324.0 |
| 008 - • CÓDIGOS DE INFORMACIÓN DE LONGITUD FIJA | |
| Códigos de información de longitud fija | 161108s2007 sp g 000 0 spa |
| 020 ## - • NÚMERO INTERNACIONAL NORMALIZADO PARA LIBROS | |
| Número Internacional Normalizado para Libros (ISBN) | 9788449320040 |
| 082 04 - • NÚMERO DE LA CLASIFICACIÓN DECIMAL DEWEY | |
| Número de clasificación (R) | R 200.3 |
| Número del ítem | E43d1 |
| 040 ## - FUENTE DE LA CATALOGACIÓN | |
| Centro catalogador de origen | CO-BoRNBP |
| Lengua de catalogación | spa |
| Normas de descripción | rda |
| Centro transcriptor | CO-BoRNBP |
| 100 1# - • PUNTO DE ACCESO PRINCIPAL-NOMBRE DE PERSONA | |
| Nombre de persona | Eliade, Mircea |
| Fechas asociadas al nombre | 1907-1986 |
| 245 10 - • TITULO PROPIAMENTE DICHO | |
| Título | Diccionario de las religiones |
| Mención de responsabilidad, etc. | Mircea Eliade, Ioan P. Couliano ; traducción de Isidro Arias Pérez |
| 250 ## - • MENCIÓN DE EDICIÓN | |
| Mención de edición | Primera edición |
| 264 #1 - PRODUCCIÓN, PUBLICACIÓN , DISTRIBUCIÓN, FABRICACIÓN Y COPYRIGHT | |
| Lugar de producción, publicación, distribución, fabricación | Barcelona |
| Nombre del productor, editor, distribuidor, fabricante | Paidós |
| Fecha de de producción, publicación, distribución, fabricación o copyright | 2007 |
| 300 ## - • DESCRIPCIÓN FÍSICA | |
| Extensión | 366 páginas |
| Dimensiones | 21 cm. |
| 336 ## - TIPO DE CONTENIDO | |
| Término de tipo de contenido | texto |
| Código de tipo de contenido | txt |
| Fuente | rdacontent |
| 337 ## - TIPO DE MEDIO | |
| Nombre del tipo de medio | sin mediación |
| Código del tipo de medio | n |
| Fuente | rdamedia |
| 338 ## - TIPO DE SOPORTE | |
| Nombre del tipo de soporte | volumen |
| Código del tipo de soporte | nc |
| Fuente | rdacarrier |
| 490 ## - • MENCIÓN DE SERIE | |
| Mención de serie | Surcos |
| 500 ## - • NOTA GENERAL | |
| Nota general | Incluye índice |
| 650 14 - • PUNTO DE ACCESO ADICIONAL DE MATERIA - TÉRMINO DE MATERIA | |
| Fuente del encabezamiento o término | LEMB |
| Término de materia o nombre geográfico como elemento inicial | Religión |
| Subdivisión de forma | Diccionarios |
| 650 14 - • PUNTO DE ACCESO ADICIONAL DE MATERIA - TÉRMINO DE MATERIA | |
| Fuente del encabezamiento o término | LEMB |
| Término de materia o nombre geográfico como elemento inicial | Civilización |
| Subdivisión de forma | Diccionarios |
| 650 14 - • PUNTO DE ACCESO ADICIONAL DE MATERIA - TÉRMINO DE MATERIA | |
| Fuente del encabezamiento o término | LEMB |
| Término de materia o nombre geográfico como elemento inicial | Dioses |
| Subdivisión de forma | Diccionarios |
| 700 1# - • PUNTO DE ACCESO ADICIONAL - NOMBRE DE PERSONA | |
| Nombre de persona | Couliano, Ioan P |
| 700 1# - • PUNTO DE ACCESO ADICIONAL - NOMBRE DE PERSONA | |
| Nombre de persona | Arias Pérez, Isidro |
| 942 ## - ENTRADA DE ELEMENTOS AGREGADOS (KOHA) | |
| Fuente de clasificaión o esquema | Dewey Decimal Classification |
| Koha [por defecto] tipo de item | Libro Referencia |
| Perdido | Estado Físico | No para préstamo | Forma de adquisición | Localización permanente | Localización actual | Localización en estanterías | Fecha adquisición | Serie de enumeración / cronolog&íacute;a | Signatura completa | Código de barras | Fecha última consulta | Número de copia | Fecha del precio de reemplazo | Tipo de item de Koha | Note pública | Fuente de clasificación o esquema | Préstamos totales |
|---|---|---|---|---|---|---|---|---|---|---|---|---|---|---|---|---|---|
| Sala de Referencia Maruja Hernández de Gil | Biblioteca Pública Departamental Eduardo Carranza - Villavicencio | Biblioteca Pública Departamental Eduardo Carranza - Villavicencio | Referencia | 05/25/2011 | Vol.2 | 291.0320 D42 | ECA20069 | 11/26/2024 | Ej.1 | 11/26/2024 | LIbro | 14764 | 19306 | |||||
| Sala de Referencia Maruja Hernández de Gil | Biblioteca Pública Departamental Eduardo Carranza - Villavicencio | Biblioteca Pública Departamental Eduardo Carranza - Villavicencio | Referencia | 05/25/2011 | Vol.1 | 291.0320 D42 | ECA20064 | 11/26/2024 | Ej.1 | 11/26/2024 | LIbro | 14764 | 19305 | |||||
| Colección General | Biblioteca Pública Mapiripan - Jorge Eliecer Gaitán | Biblioteca Pública Mapiripan - Jorge Eliecer Gaitán | Literatura | 06/17/2025 | R 200.3 E43d1 | MPJG00302 | 06/17/2025 | Ej.1 | 06/17/2025 | Libro Referencia | Dewey Decimal Classification |